| 000 | 01101nam a2200325 i 4500 | ||
|---|---|---|---|
| 001 | 000000537 | ||
| 003 | DO-SdBNP | ||
| 005 | 20260321073637.0 | ||
| 007 | ta | ||
| 008 | 081031s1990 dr r 000 0 spa d | ||
| 040 |
_aDO-SdBNP _bspa _cBNPHU _erda |
||
| 041 | _aspa | ||
| 082 | 4 |
_a330.97293 _bB742t _222 |
|
| 100 | 1 |
_a Bosch, Juan, _d1909-2001 _eautor _4aut. _976555 |
|
| 245 | 1 | 0 |
_aTemas económicos / _cJuan Bosch. |
| 250 | _aprimera edición | ||
| 264 | 1 |
_aSanto Domingo : _bEditora Alfa & Omega, _c1990. |
|
| 300 |
_a2 volumenes ; _c21 cm. |
||
| 336 |
_atexto _btxt _2rdacontent |
||
| 337 |
_asin mediación _bn _2rdamedia |
||
| 338 |
_avolumen _bnc _2rdacarrier |
||
| 590 | _aInventariado, 2018/ YL | ||
| 650 | 4 |
_aDeuda externa _zRepública Dominicana _930422 |
|
| 650 | 4 |
_aInflación _zRepública Dominicana _xHistoria _2LEMB _9201 |
|
| 651 | 4 |
_aRepública Dominicana _xCondiciones económicas _9281 |
|
| 651 | 4 |
_aRepública Dominicana _xPolítica y gobierno _945 |
|
| 651 | 4 |
_aRepública Dominicana _xPolítica económica _9643 |
|
| 910 | _aValidado, Control de calidad. MFF | ||
| 942 |
_2ddc _cLBS1 |
||
| 999 |
_c535 _d535 |
||